| Tag |
First Indicator |
Second Indicator |
Subfields |
| LEADER |
00000cam a2200000 4500 |
| 001 |
in00000217221 |
| 005 |
20151009073723.0 |
| 008 |
751211s1964 mouab b 00010 eng |
| 010 |
|
|
|a 65063448
|
| 035 |
|
|
|a (OCoLC)01892493
|
| 035 |
|
|
|9 AAZ1280AM
|
| 040 |
|
|
|a DLC
|c FQG
|d TXA
|d UtOrBLW
|
| 049 |
|
|
|a TXAM
|c [850642]
|
| 050 |
0 |
0 |
|a HC107.M8
|b M47 no. 4
|
| 100 |
1 |
|
|a Faust, Martin L.
|q (Martin Luther),
|d 1897-1993.
|
| 245 |
1 |
4 |
|a The constitution and the adinistrative structure /
|c [by] Martin L. Faust.
|
| 264 |
|
1 |
|a Columbia :
|b Research Center, School of Business and Public Administration, University of Missouri,
|c 1964.
|
| 300 |
|
|
|a 75 pages :
|b illustrations, map (on cover) ;
|c 26 cm.
|
| 336 |
|
|
|a text
|b txt
|2 rdacontent
|
| 337 |
|
|
|a unmediated
|b n
|2 rdamedia
|
| 338 |
|
|
|a volume
|b nc
|2 rdacarrier
|
| 490 |
1 |
|
|a Missouri economy study,
|v no. 4
|
| 504 |
|
|
|a Bibliographical footnotes.
|
| 651 |
|
0 |
|a Missouri
|x Politics and government
|y 1865-1950.
|
| 830 |
|
0 |
|a Missouri economy study ;
|v no. 4.
|
| 999 |
|
|
|a MARS
|
| 999 |
f |
f |
|s e8d10fc3-d575-388b-98c0-ec388346b832
|i cd5695cf-17d2-3fea-86a8-f169a57dbd15
|t 0
|
| 952 |
f |
f |
|p ric
|a Texas A&M University
|b Rellis Campus
|c Joint Library Facility
|d Remote Storage
|t 0
|e HC107.M8 M47 no. 4
|h Library of Congress classification
|i unmediated -- volume
|m A14802577343
|
| 998 |
f |
f |
|a HC107.M8 M47 no. 4
|t 0
|l Remote Storage
|